Hỏi đáp về kinh tế trang trại và kỹ thuật trồng cây công nghiệp /

Guardado en:
Detalles Bibliográficos
Formato: Sách giấy
Lenguaje:Vietnamese
Publicado: H. : Văn hoá dân tộc, 2002
Colección:Tủ sách phổ biến kiến thức
Etiquetas: Agregar Etiqueta
Sin Etiquetas, Sea el primero en etiquetar este registro!
Thư viện lưu trữ: Thư viện Trường Đại học Đà Lạt
LEADER 00710nam a2200277 4500
001 DLU030020538
003 ##DLU
005 ##20021230
008 ##021230t vn z000 vie d
040 # # |a DLU  |b vie 
041 # # |a vie 
044 # # |a vn 
082 # # |a 338.18  |b Hoi 
245 # # |a Hỏi đáp về kinh tế trang trại và kỹ thuật trồng cây công nghiệp / 
260 # # |a H. :  |b Văn hoá dân tộc,  |c 2002 
300 # # |a 271 tr. ;  |c 19 cm. 
490 # # |a Tủ sách phổ biến kiến thức 
992 # # |a 30000 
994 # # |a DLU 
900 # # |a True 
911 # # |a Phan Ngọc Đông 
925 # # |a G 
926 # # |a A 
927 # # |a SH 
980 # # |a Thư viện Trường Đại học Đà Lạt